000 00639nam a22001931a 4500
001 11725
003 OSt
005 20260204212253.0
008 130516s2006||||ck ||||||b||||||||||spa||
020 _a9789582008567
050 _a370.11 Z82c
100 _aDe Zubiria Sampier , Julian
245 _aLas complencias argumentativas : la vision desde la educacion / Julian De Zubiria Sampier
264 _aColombia : cooperativa editorial magisterio
490 _a(coleccion Aula Abierta)
500 _aIncluye bibliografia
650 _aEducacion - competencia 2.Innovaciones Educativas 3.Educacion - InvestigacionesÌ
942 _2ddc
_cBK
999 _c11725
_d11725